ბათუმის შოთა რუსთაველის სახელმწიფო უნივერსიტეტის ბიბლიოთეკა

"თეთრი გიორგი"-ს იდეოლოგიურ-ორგანიზაციულ საწყისებთან. დოკუმენტები და მასალები პირადი არქივებიდან : (ბიბ.ჩანაწერი № 63704)

000 -ლიდერი
ფიქსირებული სიგრძის საკონტროლო ველი 01356nam a22002297a 4500
003 - საკონტროლო ნომრის იდენტიფიკატორი
საკონტროლო ველი Ge_BSU
005 - ბოლო ოპერაციის თარიღი და დრო
საკონტროლო ველი 20251211205710.0
008 - ფიქსირებული სიგრძის მონაცემთა ელემენტები - ზოგადი ინფორმაცია
ფიქსირებული სიგრძის საკონტროლო ველი 251211s2024 ge ||||| |||| 00| 0 geo d
020 ## - წიგნის საერთაშორისო სტანდარტული ნომერი
International Standard Book Number 9789941992971
041 ## - ენის კოდი
Language code of text/sound track or separate title geo
080 ## - უნივერსალური ათობითი კლასიფიკაციის ინდექსი
Universal Decimal Classification number 94(479.22)(093) : 930.25(479.22) მ-25
100 ## - მთავარი ჩანაწერი - პიროვნების სახელი
Personal name მამულია, გიორგი
9 (RLIN) 16637
245 ## - ცნობა სათაურის შესახებ
Title "თეთრი გიორგი"-ს იდეოლოგიურ-ორგანიზაციულ საწყისებთან. დოკუმენტები და მასალები პირადი არქივებიდან :
Remainder of title [კრებული] /
Statement of responsibility, etc გიორგი მამულია, ნიკოლოზ სეფიაშვილი.
264 ## - წარმოების, გამოცემის, დისტრიბუციის და სხვა ცნობები
გამოცემის, წარმოების, დისტრიბუციის... ადგილი თბილისი,
გამოცემის, წარმოების, დისტრიბუციის... თარიღი 2024.
300 ## - ფიზიკური აღწერა
Extent 96 გვ. ;
Other physical details 21 სმ.
504 ## - BIBLIOGRAPHY, ETC. NOTE
Bibliography, etc ბიბლიოგრაფია ტექსტის შენიშვნებში.
653 ## - INDEX TERM--UNCONTROLLED
Uncontrolled term საქართველოს ისტორიის დოკუმენტური წყაროები
653 ## - INDEX TERM--UNCONTROLLED
Uncontrolled term პირადი არქივები
653 ## - INDEX TERM--UNCONTROLLED
Uncontrolled term ქართული ეპისტოლარული ლიტერატურა.
700 ## - ADDED ENTRY--PERSONAL NAME
Personal name სეფიაშვილი, ნიკოლოზ
Relator term ავტორი
9 (RLIN) 26474
942 ## - ADDED ENTRY ELEMENTS (KOHA)
Source of classification or shelving scheme
Koha item type წიგნი
ეგზემპლარები
ჩამოწერის სტატუსი დაკარგული ეგზემპლარის სტატუსი კლასიფიკაციის წყარო ან თაროზე გაწყობის სქემა დაზიანების სტატუსი არ გაიცემა მუდმივი მდებარეობა (დაცვის ადგილი) ამჟამინდელი ადგილსამყოფელი თაროზე განთავსების ადგილი შეძენის თარიღი ღირებულება, შესყიდვის ნორმალური ფასი სრული შენახვის შიფრი შტრიხკოდი ბოლო ოპერაციის თარიღი ეგზემპლარის მიმდევრობითი ნომერი (კეტერი?) Uniform Resource Identifier ფასის ძალაში შესვლის თარიღი ეგზემპლარის სახეობა საჯარო შენიშვნა
          ბათუმის შოთა რუსთაველის სახელმწიფო უნივერსიტეტის მთავარი ბიბლიოთეკა ბათუმის შოთა რუსთაველის სახელმწიფო უნივერსიტეტის მთავარი ბიბლიოთეკა წიგნსაცავი 2025-12-11 5.00 94(479.22)(093) : 930.25(479.22) მ-25 73268 2025-12-11 73268 საჩუქარი საქართველოს ეროვნული ბიბლიოთეკისაგან 2025-12-11 წიგნი 5 ლ.